02347 a2200337 450000500170000000800410001704000450005804100080010304100080011124500530011926000670017230000460023950005150028550802770080051102030107752000390128054600720131958601860139165000390157765000630161665000510167965000450173065000480177565000560182370000270187971000270190671000210193371000160195471000150197076500240198520140515110128.0140305s1988 xxu g q mlmul d aCO-BoUCMbspacOscar AnayadHenry Ríos aeng aspa00aRecuerdos de GuerracDan Curtis, directorh[DVD] bDan Curtis ProductionsaWashington D.C. (Estados Unidos)c1988 a6 DVD, 900 minutosbimagen, sonido, color aSINOPSIS: Secuela de "Vientos de Guerra" en la que continúan las vicisitudes de la familia Henry. El hecho central es el ataque sorpresa de Jaón contra los Estados Unidos en 1941 (Pearl Harbor), que determinó la entrada del país en la Segunda Guerra Mundial (1939-1945). Victor Henry es puesto al mando de un barco de guerra. Pero la contienda militar no será el único escollo que tendrá que superar, pues deberá afrontar también problemas familiares de gran envergadura [Tomado de la fuente] aCRÉDITOS: Dirigida por Dan Curtis ; música por Bob Cobert ; fotografía por Dietrich Lohmann ; diseño de producción por Guy J. Comtois ; dirección de arte por Norm Baron ; ambientación por Kathrin Brunner ; vestuario por Barbara Lane ; maquillaje por Wes Dawn0 aREPARTO: Robert Mitchum, Jane Seymour, Hart Bochner, Victoria Tennant, Polly Bergen, Sami Frey, William Schallert, Jeremy Kemp, Steven Berkoff, Robert Hardy, Sharon Stone, John Gielgud, Hart Bochner aBasada en la novela de Herman Wouk aAudio en inglés y español. Subtítulos en inglés y español aGanadora de tres premios Golden Globes, 1989 (mejor miniserie o película para Tv, actor de reparto de miniserie por Barry Bostwick, actor de reparto de miniserie por John Gielgud) 7aDramavSeries de televisiónxDVD 7a Guerra Mundial II, 1939-1945vSeries de televisiónvDVD 7aProgramas de televisiónzEstados UnidosvDVD 4aProgramas de televisión de guerravDVD 4aProgramas de televisión históricosvDVD 7aRelaciones de familiavSerires de televisiónvDVD1 aCurtis, Dan edirector2 aDan Curtis Productions2 aABC Circle Films2 aJadran Film2 aFeel Films0 tWar and remembrance